000 00663nam a2200181 i 4500
001 30955
003 ES-MaACL
005 20230906154300.0
007 t|
008 030128s1932 sp ||||1| spa d
100 1 _aBello Poeyusan, Severino.
_9159015
245 1 0 _aEstadística de las centrales eléctricas superiores a 400 kVA /
_cpor Severino Bello Poëyusan.
260 _aMadrid :
_b[s.n.],
_c1932 (
_fGráficas Reunidas)
300 _a25 hoj. con 1 cuadro doble :
_b1 map. ;
_c25 cm.
594 _aPrecede al tít.: Ministerio de Obras Publicas. Consejo de la Energia.
650 4 _aCentrales eléctricas-
_zEspaña.
_9159107
852 _aES-MaACL
_j1770-F-4
999 _c30955
_d30955